Normal view
MARC view
Entry Geographic Name
001 - CONTROL NUMBER
- control field: 3283
003 - CONTROL NUMBER IDENTIFIER
- control field: ARRUPE
005 - DATE AND TIME OF LATEST TRANSACTION
- control field: 20131105170132.0
008 - FIXED-LENGTH DATA ELEMENTS
- fixed length control field: 131105|| aca||aabn | a|a d
040 ## - CATALOGING SOURCE
- Original cataloging agency: ARRUPE
- Transcribing agency: ARRUPE
151 ## - HEADING--GEOGRAPHIC NAME
- Geographic name: Moscow (Russia)
- Form subdivision: Fiction.
670 ## - SOURCE DATA FOUND
- Source citation: Work cat.: (ARRUPE)0: Amis, Martin. 3279, House of meetings /, 2007.